00264nam a22000857a 4500082001700000245010500017260003800122300001000160563000800170 a346.044bLAN aLand Law:b1998-1999 LLB Examination Questions and Suggested Solutions /cSolutions by Allan Coombes aLondon:bOld Bailey Press,c2001. a95 p. aPB.